| 000 | 00572nam a2200157 4500 | ||
|---|---|---|---|
| 999 |
_c9805 _d9805 |
||
| 008 | 180717b ||||| |||| 00| 0 eng d | ||
| 022 | _a2094-8042 | ||
| 082 | _aDPer 370.105 M72 June 2010-Mar 2011 v. 59 n. 1-10 | ||
| 100 |
_933911 _aFeramil, Del D. |
||
| 245 |
_a15 positive ways to help your child succeed/ _cDel D. Feramil. |
||
| 246 | _aFifteen positive ways to help your child succeed/ | ||
| 260 |
_aPhilippines; _bIn The Grade School, Inc., _cc2010-2011. |
||
| 300 |
_av59 n8, page 320: _billustrations; _c27cm. |
||
| 650 | 0 |
_933912 _aChild rearing. |
|
| 942 |
_2ddc _cPER |
||